69th Primetime Emmy Awards Winners Quiz Stats

 Plays Quiz not verified by Sporcle

Score 0/27 Timer 03:00
0 Plays Today
Category Winner % Correct
Outstanding Comedy SeriesVeep
96.7%
Outstanding Lead Actress in a Comedy SeriesJulia Louis-Dreyfus
96.7%
Outstanding Drama SeriesThe Handmaid's Tale
93.3%
Outstanding Lead Actress in a Drama SeriesElisabeth Moss
93.3%
Outstanding Supporting Actress in a Drama SeriesAnn Dowd
93.3%
Outstanding Directing for a Drama SeriesThe Handmaid's Tale
93.3%
Outstanding Writing for a Drama SeriesThe Handmaid's Tale
93.3%
Outstanding Limited SeriesBig Little Lies
86.7%
Outstanding Lead Actress in a Limited Series or MovieNicole Kidman
86.7%
Outstanding Supporting Actor in a Comedy SeriesAlec Baldwin
86.7%
Outstanding Supporting Actor in a Limited Series or MovieAlexander Skarsgård
86.7%
Outstanding Supporting Actress in a Limited Series or MovieLaura Dern
86.7%
Outstanding Directing for a Limited Series, Movie, or Dramatic SpecialBig Little Lies
86.7%
Outstanding Supporting Actress in a Comedy SeriesKate McKinnon
83.3%
Category Winner % Correct
Outstanding Variety Sketch SeriesSaturday Night Live
80%
Outstanding Lead Actor in a Limited Series or MovieRiz Ahmed
80%
Outstanding Directing for a Variety SeriesSaturday Night Live
80%
Outstanding Lead Actor in a Comedy SeriesDonald Glover
76.7%
Outstanding Lead Actor in a Drama SeriesSterling K. Brown
76.7%
Outstanding Directing for a Comedy SeriesAtlanta
73.3%
Outstanding Variety Talk SeriesLast Week Tonight with John Oliver
63.3%
Outstanding Reality-Competition ProgramThe Voice
63.3%
Outstanding Supporting Actor in a Drama SeriesJohn Lithgow
63.3%
Outstanding Writing for a Variety SeriesLast Week Tonight with John Oliver
63.3%
Outstanding Writing for a Comedy SeriesMaster of None
60%
Outstanding Writing for a Limited Series, Movie, or Dramatic SpecialBlack Mirror
53.3%
Outstanding Television MovieBlack Mirror: 'San Junipero'
23.3%

You're not logged in!

Compare scores with friends on all Sporcle quizzes.
OR
Log In

Sporcle TV

Today on Sporcle TV


Watch our educational content, quiz creation guides, and fun videos on Sporcle TV.

Show Comments

Extras

Top Quizzes Today


Score Distribution

Your Account Isn't Verified!

In order to create a playlist on Sporcle, you need to verify the email address you used during registration. Go to your Sporcle Settings to finish the process.

Report this User

Report this user for behavior that violates our Community Guidelines.

Details: